000 00361pab a2200157 454500
008 180718b2009 xxu||||| |||| 00| 0 eng d
100 _aBanerjee, Sumanta
245 _aTwo parallel narratives
260 _c2009
300 _ap.11-13.
362 _a31Oct
650 _aTerrorism
773 _aEconomic and Political Weekly
908 _aN
909 _a84368
999 _c84368
_d84368